Best practices v sociálnom cestovnom ruchu na príklade Španielska

Dobré praktiky a skúsenosti v sociálnom cestovnom ruchu Španielska. Prezentácia Španielska ako krajiny s rozvinutým systémom sociálneho cestovného ruchu. Vymedzenie pojmu sociálny cestovný ruch, ako ho chápu Španieli. Programi a iniciatívy na podporu sociálneho cestovného ruchu.

Guardado en:
Detalles Bibliográficos
Autor principal: Linderová, Ivica
Formato: Capítulo de libro
Lenguaje:eslovaco
Materias:
Etiquetas: Agregar Etiqueta
Sin Etiquetas, Sea el primero en etiquetar este registro!

MARC

LEADER 00000naa a2200000 4500
001 0208179
005 20231127124235.6
041 0 |a slo 
044 |a CZ 
245 1 0 |a Best practices v sociálnom cestovnom ruchu na príklade Španielska  |c Ivica Linderová 
520 |a Dobré praktiky a skúsenosti v sociálnom cestovnom ruchu Španielska. Prezentácia Španielska ako krajiny s rozvinutým systémom sociálneho cestovného ruchu. Vymedzenie pojmu sociálny cestovný ruch, ako ho chápu Španieli. Programi a iniciatívy na podporu sociálneho cestovného ruchu. 
610 2 0 |a Španielsko 
610 2 0 |a politika regionálna 
610 2 0 |a legislatíva 
610 2 0 |a ruch cestovný sociálny 
100 1 |a Linderová, Ivica